[Event "Seniorsko prvenstvo Centralne Srbije - m"]
[Site "Vrnjacka Banja"]
[Date "2008.11.08"]
[Round "1.1"]
[White "Misojcic, Miroslav"]
[Black "Lajthajm, Borko"]
[Result "0-1"]
[WhiteElo "2221"]
[BlackElo "2498"]
[PlyCount "80"]
[EventDate "2008.11.08"]

1. d4 Nf6 2. c4 e6 3. Nc3 Bb4 4. e3 O-O 5. a3 Bxc3+ 6. bxc3 d6 7. Bd3 e5 8. f3
Nc6 9. Ne2 Re8 10. e4 b6 11. Be3 Na5 12. Ng3 Be6 13. d5 Bc8 14. O-O Nb7 15. Rf2
Nc5 16. Bf1 h6 17. Qc2 a5 18. Re1 Ncd7 19. Nf5 Nf8 20. g4 N6h7 21. Qd2 Ng6 22.
Kh1 Qf6 23. Be2 Nf4 24. Bxf4 exf4 25. Qxf4 Qxc3 26. Qc1 Qe5 27. Bf1 Bxf5 28.
gxf5 Re7 29. Rg2 Qf6 30. Be2 Kh8 31. Reg1 Rg8 32. Rg3 Nf8 33. Qa1 Qxa1 34. Rxa1
g5 35. Rgg1 Nd7 36. Kg2 g4 37. Kf2 Nf6 38. Bd3 Rg5 39. Rae1 Rh5 40. Kg3 Rh3+
0-1

[Event "Seniorsko prvenstvo Centralne Srbije - m"]
[Site "Vrnjacka Banja"]
[Date "2008.11.08"]
[Round "1.2"]
[White "Antic, Dejan"]
[Black "Pantic, Ivica"]
[Result "1/2-1/2"]
[WhiteElo "2489"]
[BlackElo "2208"]
[PlyCount "114"]
[EventDate "2008.11.08"]

1. d4 Nf6 2. c4 e6 3. g3 c5 4. d5 exd5 5. cxd5 d6 6. Nc3 g6 7. Bg2 Bg7 8. Nf3
O-O 9. O-O a6 10. a4 Re8 11. a5 Nbd7 12. Qc2 Qc7 13. e4 Rb8 14. h3 b5 15. axb6
Nxb6 16. Ra2 h6 17. Rd1 Nfd7 18. Bf1 Ne5 19. Nxe5 Rxe5 20. Bf4 Re8 21. Rda1 g5
22. Be3 Bd4 23. Qd2 Bg7 24. g4 Qe7 25. f3 Nd7 26. Be2 Ne5 27. Rf1 Ng6 28. Bxa6
Bxa6 29. Rxa6 Qb7 30. Rxd6 Ne5 31. Qe2 Qxb2 32. Qxb2 Rxb2 33. Nd1 Rb1 34. Ra6
Nc4 35. Kf2 Bd4 36. Bxd4 cxd4 37. Ra4 Rc1 38. Ra2 Rc8 39. Ke2 Ne5 40. Rd2 R8c2
41. f4 d3+ 42. Ke1 Rxd2 43. Kxd2 Rc2+ 44. Ke3 gxf4+ 45. Rxf4 Kg7 46. Rf2 f6 47.
Kd4 Rc4+ 48. Ke3 Rc2 49. Kf4 Nc4 50. Kf3 Rc1 51. Rf1 Nb2 52. Nxb2 Rxf1+ 53. Ke3
d2 54. Kxd2 Rh1 55. Ke3 Rxh3+ 56. Kf4 h5 57. gxh5 Rxh5 1/2-1/2

[Event "Seniorsko prvenstvo Centralne Srbije - m"]
[Site "Vrnjacka Banja"]
[Date "2008.11.08"]
[Round "1.3"]
[White "Lazic, Zeljko"]
[Black "Abramovic, Bosko"]
[Result "0-1"]
[WhiteElo "2207"]
[BlackElo "2484"]
[PlyCount "86"]
[EventDate "2008.11.08"]

1. d4 Nf6 2. Bg5 d5 3. Nd2 c6 4. Ngf3 g6 5. Bxf6 exf6 6. e4 dxe4 7. Nxe4 Bg7 8.
Bc4 O-O 9. O-O Nd7 10. Bb3 Nb6 11. Qd2 Bg4 12. Qf4 Bxf3 13. Qxf3 f5 14. Nc5 a5
15. c3 a4 16. Bc2 Qc7 17. Rfe1 a3 18. bxa3 Nd5 19. Bb3 b6 20. Bxd5 cxd5 21. Nb3
Qd6 22. Re2 Rxa3 23. Rae1 Raa8 24. Qd3 Bf6 25. Qb5 Kg7 26. c4 dxc4 27. Qxc4
Rfc8 28. Qd3 Qd5 29. g3 h5 30. h4 Ra4 31. Rd1 Rac4 32. Qe3 Rc3 33. Rd3 Rxd3 34.
Qxd3 f4 35. gxf4 Rd8 36. Qg3 Qf5 37. Rd2 Rd5 38. Kg2 Qd7 39. Qh3 Qd8 40. Rc2
Rf5 41. Qe3 Qd6 42. Rc8 Rxf4 43. Qe8 Qd5+ 0-1

[Event "Seniorsko prvenstvo Centralne Srbije - m"]
[Site "Vrnjacka Banja"]
[Date "2008.11.08"]
[Round "1.4"]
[White "Arsovic, Zoran"]
[Black "Dolovic, Dusko"]
[Result "1-0"]
[WhiteElo "2480"]
[BlackElo "2199"]
[PlyCount "79"]
[EventDate "2008.11.08"]

1. Nf3 Nf6 2. c4 e6 3. g3 b6 4. Bg2 Bb7 5. O-O Be7 6. d4 d6 7. d5 exd5 8. Nh4
c6 9. Nf5 O-O 10. Bf4 Nh5 11. cxd5 Nxf4 12. gxf4 c5 13. Nc3 Qd7 14. e4 Bf6 15.
Re1 Kh8 16. Qa4 Qxa4 17. Nxa4 b5 18. Nxd6 bxa4 19. Nxb7 Bxb2 20. Rab1 Bc3 21.
Red1 Nd7 22. Bh3 Nf6 23. Nxc5 Nh5 24. Nd3 Rab8 25. Bg4 Nf6 26. Bf3 Nd7 27. Rbc1
Bd4 28. Rc4 Bb6 29. e5 Rfe8 30. Bg4 Rbd8 31. Rxa4 g5 32. d6 gxf4 33. Bxd7 Rxd7
34. Rxf4 Re6 35. Rc1 f6 36. exf6 Kg8 37. Rc8+ Rd8 38. f7+ Kf8 39. d7 Re7 40.
Nc5 1-0

[Event "Seniorsko prvenstvo Centralne Srbije - m"]
[Site "Vrnjacka Banja"]
[Date "2008.11.08"]
[Round "1.5"]
[White "Vasic, Vladimir"]
[Black "Rajkovic, Dusan"]
[Result "0-1"]
[WhiteElo "2191"]
[BlackElo "2474"]
[PlyCount "88"]
[EventDate "2008.11.08"]

1. e4 c5 2. Nf3 e6 3. d4 cxd4 4. Nxd4 Nc6 5. c4 Nf6 6. Nc3 Bb4 7. f3 O-O 8. Be3
d5 9. Nxc6 bxc6 10. e5 Nd7 11. f4 Qa5 12. Bd2 Qb6 13. Na4 Qe3+ 14. Be2 Rb8 15.
Rf1 f6 16. Bxb4 Rxb4 17. Rf3 Qg1+ 18. Rf1 Qxh2 19. a3 Qg3+ 20. Kd2 Rb3 21. Kc2
Re3 22. exf6 Rxf6 23. f5 Qxg2 24. Nc3 d4 25. Qxd4 Rxe2+ 26. Nxe2 Qxe2+ 27. Kb3
c5 28. Qc3 exf5 29. Rae1 Qh2 30. Re7 Qd6 31. Rfe1 Nf8 32. Ka2 Bd7 33. R7e5 Be6
34. b3 f4 35. R5e2 f3 36. Rf2 h5 37. Rd2 Qf4 38. Rf2 Bg4 39. Qa5 Rd6 40. Rb1
Qe3 41. Rbb2 Rd1 42. Qxa7 Qe1 43. b4 Ra1+ 44. Kb3 Qe3+ 0-1

[Event "Seniorsko prvenstvo Centralne Srbije - m"]
[Site "Vrnjacka Banja"]
[Date "2008.11.08"]
[Round "1.6"]
[White "Tosic, Miroslav"]
[Black "Kolbert, Engelbert"]
[Result "1-0"]
[WhiteElo "2445"]
[BlackElo "2189"]
[PlyCount "29"]
[EventDate "2008.11.08"]

1. d4 Nf6 2. c4 e6 3. g3 c5 4. Nf3 d5 5. Bg2 Nc6 6. O-O cxd4 7. Nxd4 e5 8. Nxc6
bxc6 9. Nc3 Be6 10. Qa4 Bd7 11. Bg5 d4 12. Bxc6 dxc3 13. Bxf6 Qxf6 14. Bxd7+
Kd8 15. Bc6 1-0

[Event "Seniorsko prvenstvo Centralne Srbije - m"]
[Site "Vrnjacka Banja"]
[Date "2008.11.08"]
[Round "1.7"]
[White "Gavrilovic, Leonardo"]
[Black "Arsovic, Goran"]
[Result "1-0"]
[WhiteElo "2188"]
[BlackElo "2432"]
[PlyCount "73"]
[EventDate "2008.11.08"]

1. d4 Nf6 2. c4 g6 3. Nc3 Bg7 4. e4 d6 5. f3 O-O 6. Be3 Nc6 7. Nge2 a6 8. Qd2
Rb8 9. Rb1 Bd7 10. b4 e5 11. d5 Ne7 12. g4 Ne8 13. Ng3 f5 14. gxf5 gxf5 15. Bg5
Nf6 16. Bd3 f4 17. Nf5 Nxf5 18. exf5 Qe8 19. O-O Nh5 20. Kh1 Qf7 21. c5 Kh8 22.
Rg1 Rbe8 23. Bh4 Bxf5 24. Bxf5 Qxf5 25. Ne4 Bf6 26. Bg5 Rg8 27. cxd6 Bxg5 28.
dxc7 Ng3+ 29. hxg3 fxg3 30. Nxg5 Rxg5 31. Kg2 Rh5 32. Rh1 Rf8 33. Qc3 Rh2+ 34.
Rxh2 gxh2 35. Re1 Re8 36. Kh1 h6 37. Rxe5 1-0

[Event "Seniorsko prvenstvo Centralne Srbije - m"]
[Site "Vrnjacka Banja"]
[Date "2008.11.08"]
[Round "1.8"]
[White "Maksimovic, Branimir"]
[Black "Zlatanovic, Zoran"]
[Result "1-0"]
[WhiteElo "2418"]
[BlackElo "2169"]
[PlyCount "49"]
[EventDate "2008.11.08"]

1. d4 Nf6 2. Nf3 e6 3. e3 c5 4. Bd3 b6 5. O-O Bb7 6. c4 d6 7. Nc3 Nbd7 8. b3
Be7 9. Bb2 O-O 10. d5 e5 11. Qc2 Re8 12. Nd2 g6 13. f4 Ng4 14. Rae1 exf4 15.
exf4 Bf8 16. Nce4 Ndf6 17. h3 Nxe4 18. Nxe4 Rxe4 19. Bxe4 Nf6 20. f5 g5 21. Bf3
Bg7 22. Re2 Nd7 23. f6 Nxf6 24. Qf5 h6 25. Bh5 1-0

[Event "Seniorsko prvenstvo Centralne Srbije - m"]
[Site "Vrnjacka Banja"]
[Date "2008.11.08"]
[Round "1.9"]
[White "Jevtic, Miroljub"]
[Black "Kojovic, Dragan"]
[Result "0-1"]
[WhiteElo "2167"]
[BlackElo "2412"]
[PlyCount "68"]
[EventDate "2008.11.08"]

1. d4 Nf6 2. c4 g6 3. Nc3 d5 4. e3 Bg7 5. Nf3 O-O 6. Bd3 c5 7. cxd5 cxd4 8.
exd4 Nxd5 9. O-O Nc6 10. Be4 Be6 11. Be3 Na5 12. Nxd5 Bxd5 13. Bxd5 Qxd5 14. b3
Rac8 15. Rc1 Rxc1 16. Qxc1 Nc6 17. Rd1 Rd8 18. Rd2 e6 19. h3 Qa5 20. a3 Rd5 21.
b4 Qd8 22. Qc3 a6 23. Kf1 h6 24. Ke2 Qd6 25. g3 g5 26. g4 f5 27. gxf5 exf5 28.
Rd1 f4 29. Bc1 Qe6+ 30. Kf1 Qxh3+ 31. Ke1 Nxd4 32. Rxd4 Bxd4 33. Qb3 Bc3+ 34.
Qxc3 Qh1+ 0-1

[Event "Seniorsko prvenstvo Centralne Srbije - m"]
[Site "Vrnjacka Banja"]
[Date "2008.11.08"]
[Round "1.10"]
[White "Ostojic, Nikola"]
[Black "Dodic, Dragan"]
[Result "1-0"]
[WhiteElo "2398"]
[BlackElo "2148"]
[PlyCount "131"]
[EventDate "2008.11.08"]

1. d4 d5 2. c4 c6 3. Nf3 Nf6 4. Nc3 e6 5. Bg5 Be7 6. e3 Nbd7 7. Qc2 O-O 8. Rd1
Re8 9. a3 a5 10. Bd3 dxc4 11. Bxc4 b5 12. Bd3 b4 13. Na4 Bb7 14. Ne5 h6 15.
Bxf6 Nxf6 16. Nc5 Qb6 17. Nxb7 Qxb7 18. Qxc6 Qxc6 19. Nxc6 bxa3 20. Nxe7+ Rxe7
21. bxa3 Rc7 22. Kd2 Rac8 23. Rc1 Kf8 24. Rxc7 Rxc7 25. Rb1 Ke7 26. Rb5 Ra7 27.
h3 Kd6 28. e4 Ne8 29. f4 g6 30. g4 Ke7 31. h4 Nf6 32. g5 hxg5 33. hxg5 Ne8 34.
Rb6 Nd6 35. Kc3 Rc7+ 36. Kd2 Nc4+ 37. Bxc4 Rxc4 38. Kd3 Rc1 39. Rb7+ Ke8 40. d5
exd5 41. exd5 Ra1 42. Kd4 Rxa3 43. Ke5 Ra4 44. Ra7 Rb4 45. Rxa5 Rb6 46. Ra8+
Kd7 47. Ra7+ Ke8 48. Rc7 Ra6 49. Rb7 Kf8 50. f5 gxf5 51. d6 Ke8 52. Rb8+ Kd7
53. Rb7+ Ke8 54. Rb8+ Kd7 55. Rf8 Ra5+ 56. Kf6 f4 57. Rxf7+ Kxd6 58. g6 Rg5 59.
g7 Rg1 60. Rf8 Kd5 61. g8=Q+ Rxg8 62. Rxg8 Ke4 63. Kg5 f3 64. Rf8 Ke3 65. Kg4
f2 66. Kg3 1-0

[Event "Seniorsko prvenstvo Centralne Srbije - m"]
[Site "Vrnjacka Banja"]
[Date "2008.11.08"]
[Round "1.11"]
[White "Jokic, Miodrag"]
[Black "Sredojevic, Ivan"]
[Result "0-1"]
[WhiteElo "2148"]
[BlackElo "2396"]
[PlyCount "82"]
[EventDate "2008.11.08"]

1. d4 Nf6 2. c4 c5 3. d5 b5 4. a4 Qa5+ 5. Bd2 b4 6. Qc2 d6 7. e4 g6 8. Bd3 Bg7
9. Ra2 O-O 10. b3 e6 11. h3 exd5 12. exd5 Nbd7 13. f4 Ba6 14. g4 Rae8+ 15. Kd1
Re7 16. Ne2 Rfe8 17. Ng3 Re3 18. Nf1 Rf3 19. g5 Nh5 20. Be2 Rxe2 21. Kxe2 Rxf4
22. Bxf4 Nxf4+ 23. Kf3 Nh5 24. Qe4 Ne5+ 25. Kg2 Qd8 26. h4 f5 27. gxf6 Nxf6 28.
Qe3 Bc8 29. Rf2 Neg4 30. Qe2 Nxf2 31. Qxf2 Ng4 32. Qe2 Ne5 33. Ne3 Bh6 34. Nd2
Qe7 35. Ndf1 Ng4 36. Qf3 Bxe3 37. Nh2 Nxh2 38. Rxh2 Bf5 39. Qe2 Be4+ 40. Kf1
Qf6+ 41. Ke1 Qc3+ 0-1

[Event "Seniorsko prvenstvo Centralne Srbije - m"]
[Site "Vrnjacka Banja"]
[Date "2008.11.08"]
[Round "1.12"]
[White "Novoselski, Zoran"]
[Black "Simic, Milan A"]
[Result "0-1"]
[WhiteElo "2388"]
[BlackElo "2136"]
[PlyCount "120"]
[EventDate "2008.11.08"]

1. d4 f5 2. Bg5 Nf6 3. Bxf6 exf6 4. e3 b6 5. Qf3 d5 6. c4 Be6 7. Nc3 Bb4 8.
Nge2 c6 9. Nf4 Bxc3+ 10. bxc3 Ke7 11. cxd5 Bxd5 12. Nxd5+ Qxd5 13. Qg3 g6 14.
Be2 Qd6 15. Qh3 h5 16. O-O Nd7 17. a4 Nf8 18. Bc4 Nh7 19. f4 Kf8 20. Qf3 Re8
21. Rfe1 Kg7 22. Ra2 Re7 23. Rae2 Rhe8 24. Bd3 Nf8 25. h3 Ne6 26. g4 fxg4 27.
hxg4 Rh8 28. gxh5 Rxh5 29. Rg2 Nxf4 30. Bxg6 Rh6 31. exf4 Rxe1+ 32. Kf2 Reh1
33. Bh5+ Kh8 34. Qg3 Qf8 35. Bf3 R1h3 36. Qg4 R3h4 37. Qf5 Rh2 38. Bxc6 Rxg2+
39. Bxg2 Qe7 40. Bd5 Kg7 41. Qc8 Rh8 42. Qg4+ Kf8 43. Kf3 Qh7 44. Qc8+ Kg7 45.
Qd7+ Kh6 46. Qxh7+ Kxh7 47. Be6 Kg7 48. c4 Kf8 49. a5 Ke7 50. f5 bxa5 51. c5
Rh3+ 52. Ke4 Rc3 53. Kd5 a4 54. Kc6 a3 55. d5 Kd8 56. d6 Rc2 57. Bb3 a2 58.
Bxc2 a1=Q 59. Bb3 Qa6+ 60. Kd5 Qd3+ 0-1

[Event "Seniorsko prvenstvo Centralne Srbije - m"]
[Site "Vrnjacka Banja"]
[Date "2008.11.08"]
[Round "1.13"]
[White "Sekularac, Andrej"]
[Black "Somborski, Nebojsa"]
[Result "0-1"]
[WhiteElo "2134"]
[BlackElo "2379"]
[PlyCount "76"]
[EventDate "2008.11.08"]

1. Nf3 d5 2. d3 Nc6 3. Nbd2 e5 4. e4 Nf6 5. Be2 Be7 6. O-O O-O 7. Re1 Re8 8. c3
a5 9. a4 Bf8 10. Qc2 g6 11. Nf1 h6 12. Ng3 Bg7 13. Bd2 Be6 14. h3 Nd7 15. Rab1
Nc5 16. b3 Qd6 17. Rec1 Red8 18. b4 axb4 19. cxb4 Nxa4 20. b5 Nd4 21. Nxd4 exd4
22. Qxc7 Nc3 23. Qxd6 Rxd6 24. Bf4 Rd7 25. Ra1 Rxa1 26. Rxa1 Nxb5 27. exd5 Bxd5
28. Ra8+ Kh7 29. Bg4 Re7 30. Ra5 Bc6 31. Bf3 Bxf3 32. gxf3 Nc3 33. Kg2 b5 34.
Bd6 Rb7 35. Bb4 f5 36. f4 Bf6 37. Ra8 Nd5 38. Ba3 Nxf4+ 0-1

[Event "Seniorsko prvenstvo Centralne Srbije - m"]
[Site "Vrnjacka Banja"]
[Date "2008.11.08"]
[Round "1.14"]
[White "Mitrovic, Darko R"]
[Black "Jelisavcic, Srdjan"]
[Result "1/2-1/2"]
[WhiteElo "2362"]
[BlackElo "2117"]
[PlyCount "101"]
[EventDate "2008.11.08"]

1. e4 e5 2. Nf3 Nc6 3. Bb5 a6 4. Ba4 Nf6 5. O-O b5 6. Bb3 Be7 7. Re1 Bb7 8. c3
d5 9. exd5 Nxd5 10. Nxe5 Nxe5 11. Rxe5 Nf4 12. Bxf7+ Kxf7 13. Rf5+ Bf6 14. Rxf4
Qd3 15. Qf1 Be4 16. Rxe4 Qxe4 17. d3 Qd5 18. d4 Rhe8 19. Be3 c5 20. dxc5 Re4
21. Na3 b4 22. Nc2 bxc3 23. bxc3 Qc4 24. Nd4 Qxc5 25. Qd3 Rae8 26. Rb1 Qd5 27.
Qxa6 Kg8 28. a4 Ra8 29. Qb5 Qa2 30. Qb7 Ree8 31. Nc6 Bxc3 32. h3 Qxa4 33. Rb5
Bf6 34. Rd5 Qe4 35. Rd7 Ra1+ 36. Kh2 Kh8 37. Qc7 Ra6 38. Bb6 Raa8 39. Qb7 Qf4+
40. g3 Qe4 41. Na7 Qxb7 42. Rxb7 Rab8 43. Rxb8 Rxb8 44. Be3 Ra8 45. Kg2 Kg8 46.
Kf3 Rf8 47. Ke4 Re8+ 48. Kf3 Rf8 49. Ke4 Re8+ 50. Kf3 Rf8 51. Ke4 1/2-1/2

[Event "Seniorsko prvenstvo Centralne Srbije - m"]
[Site "Vrnjacka Banja"]
[Date "2008.11.08"]
[Round "1.15"]
[White "Karaklajic, Milutin"]
[Black "Irizanin, Radoje"]
[Result "1/2-1/2"]
[WhiteElo "2108"]
[BlackElo "2339"]
[PlyCount "86"]
[EventDate "2008.11.08"]

1. e4 c5 2. Nf3 d6 3. d4 cxd4 4. Nxd4 Nf6 5. Bd3 Nc6 6. Nxc6 bxc6 7. c4 g6 8.
h3 Bg7 9. O-O O-O 10. Nc3 Nd7 11. Be3 Ne5 12. Be2 c5 13. f4 Nc6 14. e5 Nd4 15.
Bxd4 cxd4 16. Qxd4 dxe5 17. Qxd8 Rxd8 18. Nd5 Rd7 19. Rad1 e6 20. Nb4 exf4 21.
Rxd7 Bxd7 22. Rd1 Be8 23. b3 f5 24. Bf3 Rc8 25. Na6 Bc6 26. Bxc6 Rxc6 27. Rd8+
Bf8 28. Nb8 Rd6 29. Nd7 Kf7 30. Rxf8+ Ke7 31. Rh8 Rxd7 32. Rxh7+ Kd6 33. c5+
Kc6 34. Rxd7 Kxd7 35. b4 Kc6 36. h4 e5 37. Kf2 e4 38. Ke2 Kb5 39. Kd2 Kc6 40.
Kc3 e3 41. Kd3 Kd5 42. Ke2 Kc6 43. Kd3 Kd5 1/2-1/2

[Event "Seniorsko prvenstvo Centralne Srbije - m"]
[Site "Vrnjacka Banja"]
[Date "2008.11.08"]
[Round "1.16"]
[White "Zivkovic, Ivan B"]
[Black "Pavicevic, Jovan"]
[Result "1-0"]
[WhiteElo "2322"]
[BlackElo "2093"]
[PlyCount "67"]
[EventDate "2008.11.08"]

1. e4 c5 2. Nf3 e6 3. d4 cxd4 4. Nxd4 a6 5. Bd3 Nf6 6. O-O d6 7. c4 Nbd7 8. Nc3
Qc7 9. Be3 Be7 10. Rc1 O-O 11. b4 b6 12. f4 Re8 13. g4 Nf8 14. g5 N6d7 15. a3
Bb7 16. Rf3 Qd8 17. Rg3 e5 18. Nf5 exf4 19. Bxf4 Ne5 20. Qh5 Rc8 21. Rf1 Neg6
22. Bd2 b5 23. cxb5 axb5 24. Nd5 Bxd5 25. exd5 Ne5 26. Nxg7 Kxg7 27. Qh6+ Kg8
28. Bxh7+ Nxh7 29. Rh3 Bxg5 30. Qxh7+ Kf8 31. Qh8+ Ke7 32. Bxg5+ Kd7 33. Bxd8
Rxh8 34. Rxh8 1-0

[Event "Seniorsko prvenstvo Centralne Srbije - m"]
[Site "Vrnjacka Banja"]
[Date "2008.11.08"]
[Round "1.17"]
[White "Adamovic, Strahinja"]
[Black "Lazic, Dragoljub"]
[Result "0-1"]
[WhiteElo "2025"]
[BlackElo "2320"]
[PlyCount "90"]
[EventDate "2008.11.08"]

1. e4 c5 2. Nf3 d6 3. d4 cxd4 4. Nxd4 Nf6 5. Nc3 a6 6. Bc4 e6 7. Bb3 b5 8. Be3
Bb7 9. f4 Nbd7 10. O-O b4 11. Nce2 Nxe4 12. Bxe6 fxe6 13. Nxe6 Qc8 14. N2d4
Ndf6 15. g4 Nc5 16. g5 Nxe6 17. gxf6 Nxd4 18. Bxd4 Qc6 19. Qe2+ Kf7 20. fxg7
Qh1+ 21. Kf2 Qxh2+ 22. Ke1 Qxe2+ 23. Kxe2 Bxg7 24. Kd3 Bxd4 25. Kxd4 h5 26.
Rae1 h4 27. Rf2 h3 28. Rh2 Bg2 29. a3 Rhc8 30. Re2 bxa3 31. bxa3 d5 32. Rf2 Kf6
33. Rhxg2 hxg2 34. Rxg2 Rc4+ 35. Kxd5 Rac8 36. Rh2 Rxc2 37. Rh6+ Kf5 38. Kd4
Rd8+ 39. Ke3 Rc3+ 40. Ke2 Rxa3 41. Rh4 Rb8 42. Kd2 Rb2+ 43. Kc1 Rg2 44. Kb1 Rf3
45. Rh1 Rff2 0-1

[Event "Seniorsko prvenstvo Centralne Srbije - m"]
[Site "Vrnjacka Banja"]
[Date "2008.11.08"]
[Round "1.18"]
[White "Nadj Hedjesi, Balind"]
[Black "Filipovic, Tomislav S"]
[Result "1-0"]
[WhiteElo "2296"]
[BlackElo "1989"]
[PlyCount "137"]
[EventDate "2008.11.08"]

1. e4 e6 2. b3 d5 3. Bb2 Nf6 4. e5 Nfd7 5. f4 c5 6. Nf3 Nc6 7. Bb5 Qc7 8. O-O
a6 9. Bxc6 Qxc6 10. d4 b5 11. Kh1 c4 12. Nc3 Nb6 13. a4 b4 14. Ne2 c3 15. Bc1
a5 16. Ne1 Be7 17. Nd3 g6 18. Be3 Nd7 19. Qe1 Ba6 20. Rd1 h5 21. Bf2 Qc8 22.
Bh4 Qd8 23. Bxe7 Qxe7 24. Ng1 Ra7 25. Nf3 Nf8 26. Rg1 Nd7 27. Qe3 Rc7 28. Ng5
Rc6 29. Ne1 Nb6 30. Nd3 Nd7 31. Qg3 Rc8 32. Rde1 Rc6 33. Nf2 Nb6 34. Qh4 Qf8
35. h3 Nd7 36. Kh2 Qh6 37. Rh1 Qg7 38. Kg1 Rc8 39. Nf3 Qf8 40. Rh2 Qe7 41. Ng5
Qf8 42. Nd1 Rb8 43. Ne3 Nb6 44. Qf2 Qe7 45. g4 Rb7 46. Nf3 Qd7 47. f5 Qd8 48.
Ng2 hxg4 49. hxg4 Rxh2 50. Kxh2 gxf5 51. gxf5 Kd7 52. Nf4 Qh8+ 53. Qh4 Rb8 54.
Nh5 Kc6 55. Nf4 Qxh4+ 56. Nxh4 Rh8 57. Kg3 Bc8 58. f6 Bd7 59. Nf3 Rg8+ 60. Kf2
Be8 61. Rh1 Kd7 62. Rh7 Rf8 63. Ng5 Kc8 64. Ke2 Kb8 65. Ke3 Ka8 66. Nfxe6 fxe6
67. Nxe6 Rf7 68. Rh8 Ka7 69. Rxe8 1-0

[Event "Seniorsko prvenstvo Centralne Srbije - m"]
[Site "Vrnjacka Banja"]
[Date "2008.11.08"]
[Round "1.19"]
[White "Stojanovic, Vladimir M"]
[Black "Pantelic, Sasa"]
[Result "0-1"]
[WhiteElo "1944"]
[BlackElo "2293"]
[PlyCount "52"]
[EventDate "2008.11.08"]

1. d4 Nf6 2. c4 g6 3. Nc3 Bg7 4. e4 d6 5. Be2 O-O 6. Nf3 Bg4 7. Ng5 Bxe2 8.
Qxe2 Nc6 9. d5 Nd4 10. Qd3 Nd7 11. Nf3 e5 12. Be3 Nxf3+ 13. gxf3 f5 14. Ke2 Qh4
15. Nb5 fxe4 16. Qxe4 Qe7 17. Qg4 Rf5 18. h4 Nf6 19. Bg5 e4 20. fxe4 Rxf2+ 21.
Kd3 a6 22. Nd4 Nxg4 23. Bxe7 Rf7 24. Bg5 Nf2+ 25. Ke3 Nxh1 26. Rxh1 h6 0-1

[Event "Seniorsko prvenstvo Centralne Srbije - m"]
[Site "Vrnjacka Banja"]
[Date "2008.11.08"]
[Round "1.20"]
[White "Nikolic, Stanimir"]
[Black "Ostojic, Slobodan"]
[Result "1-0"]
[WhiteElo "2291"]
[BlackElo "1921"]
[PlyCount "99"]
[EventDate "2008.11.08"]

1. d4 Nf6 2. c4 g6 3. Nc3 Bg7 4. Bg5 d6 5. Qd2 c6 6. e4 Nbd7 7. Be2 a6 8. a4
Qa5 9. Ra3 c5 10. d5 h6 11. Bh4 g5 12. Bg3 Nh7 13. Nf3 Nhf8 14. O-O Ng6 15. Rb3
Nde5 16. Nxe5 Nxe5 17. f4 gxf4 18. Bxf4 h5 19. h3 Qc7 20. Qd1 h4 21. Bg5 Ng6
22. Bh5 Bd4+ 23. Kh1 Bd7 24. Bxg6 fxg6 25. a5 Rh5 26. Qd2 O-O-O 27. Rb6 Re8 28.
Ne2 Be5 29. Rf7 Qd8 30. Ng1 Rhh8 31. Nf3 Bg3 32. Qe3 Rhf8 33. Rg7 Rg8 34. Rxg8
Rxg8 35. e5 Qc7 36. e6 Ba4 37. b3 Be8 38. Nxh4 Be5 39. Nf3 Bb2 40. Qd2 Ba3 41.
Be3 Bb4 42. Rxb4 cxb4 43. Bb6 Qb8 44. Ng5 Rf8 45. Qxb4 Rf5 46. Qc3 Rf6 47. Kg1
Bc6 48. Nh7 Bd7 49. Nxf6 Bxe6 50. dxe6 1-0

[Event "Seniorsko prvenstvo Centralne Srbije - m"]
[Site "Vrnjacka Banja"]
[Date "2008.11.08"]
[Round "1.21"]
[White "Matejic, Dragoljub"]
[Black "Milosevic, Slavisa"]
[Result "0-1"]
[WhiteElo "1918"]
[BlackElo "2282"]
[PlyCount "40"]
[EventDate "2008.11.08"]

1. e4 c5 2. Nf3 e6 3. d4 cxd4 4. Nxd4 Bc5 5. Nb3 Bb6 6. Bd3 Nc6 7. O-O Nge7 8.
Kh1 O-O 9. c4 f5 10. Nc3 f4 11. c5 Bc7 12. Nb5 Be5 13. Bc4 f3 14. gxf3 Ng6 15.
f4 Nxf4 16. Rg1 Nh3 17. Qh5 Nxf2+ 18. Kg2 Nxe4 19. Bd3 Rf2+ 20. Kh1 Rxh2+ 0-1

[Event "Seniorsko prvenstvo Centralne Srbije - m"]
[Site "Vrnjacka Banja"]
[Date "2008.11.08"]
[Round "1.22"]
[White "Milosevic, Zoran"]
[Black "Boskovic, Maksimilijan"]
[Result "1-0"]
[WhiteElo "2279"]
[BlackElo "1903"]
[PlyCount "61"]
[EventDate "2008.11.08"]

1. d4 Nf6 2. c4 g6 3. Nf3 Bg7 4. Nc3 O-O 5. g3 d6 6. Bg2 Nbd7 7. O-O e5 8. dxe5
dxe5 9. Qc2 c6 10. Rd1 Qe7 11. h3 Nc5 12. e4 a5 13. Be3 Nfd7 14. b3 f5 15. Bc1
a4 16. b4 Nxe4 17. Nxe4 fxe4 18. Ng5 Nf6 19. a3 Bf5 20. Be3 Qc7 21. g4 Nxg4 22.
hxg4 Bxg4 23. Rd2 h6 24. Nxe4 Rf5 25. Ng3 Rf6 26. Be4 Qf7 27. Rc1 Kh7 28. Kg2
Bf3+ 29. Bxf3 Rxf3 30. Qe4 Rf8 31. Rcd1 1-0

[Event "Seniorsko prvenstvo Centralne Srbije - m"]
[Site "Vrnjacka Banja"]
[Date "2008.11.08"]
[Round "1.23"]
[White "Gagic, Miroljub"]
[Black "Stanojevic, Branko"]
[Result "0-1"]
[WhiteElo "1851"]
[BlackElo "2275"]
[PlyCount "52"]
[EventDate "2008.11.08"]

1. e4 e6 2. d4 d5 3. e5 c5 4. c3 Nc6 5. Nf3 Qb6 6. a3 Nh6 7. b4 cxd4 8. cxd4
Nf5 9. Be3 Be7 10. Nc3 f6 11. Bb5 O-O 12. Bxc6 Nxe3 13. fxe3 bxc6 14. Na4 Qb5
15. Nc5 a5 16. Rb1 axb4 17. axb4 Ra2 18. Qd3 Qxd3 19. Nxd3 Ba6 20. Nc1 Rxg2 21.
Nh4 Rc2 22. Kd1 Rf2 23. Ra1 Bxb4 24. Ra2 fxe5 25. Rxf2 Rxf2 26. Nb3 Rb2 0-1